000 00994nam a2200253Ia 4500
003 OSt
005 20221005110538.0
006 a|||||r|||| 00| 0
007 ta
008 221004b |||||||| |||| 00| 0 hin d
020 _a8177142933 (hbk)
_c700
024 _a102954
037 _b426, 25/03/2010, Swaraj Prakashan
_cTextual
040 _aCRL
_cCRL
_bhin
041 _2hin
_ahin
082 _aO152:g(Q2215), P8
100 _aभालोटिया, राधा
245 0 _aहिन्दी वा›मय में राधा - तत्व चिन्तन की परम्परा
246 _aHindī vā›maya mean rādhā - tatva chintan kī paramparā
260 _aनई दिल्ली
_bप्रकाशन संस्थान भारत
_c2008
300 _a488पृ0
_ccm.
942 _hO152:g(Q2215), P8
_cTEXL
_2cc
999 _c1019161
_d1019161